The age of overkill
Guardado en:
| Autor principal: | |
|---|---|
| Formato: | Libro |
| Lenguaje: | Undetermined |
| Publicado: |
New York
Simon and Schuster
1962
|
| Materias: | |
| Etiquetas: |
Agregar Etiqueta
Sin Etiquetas, Sea el primero en etiquetar este registro!
|
| Thư viện lưu trữ: | Trung tâm Học liệu Trường Đại học Cần Thơ |
|---|
| LEADER | 00492nam a2200193Ia 4500 | ||
|---|---|---|---|
| 001 | CTU_78308 | ||
| 008 | 210402s9999 xx 000 0 und d | ||
| 082 | |a 327 | ||
| 082 | |b L614 | ||
| 100 | |a Lerner, Max | ||
| 245 | 4 | |a The age of overkill | |
| 245 | 0 | |c Max Lerner | |
| 260 | |a New York | ||
| 260 | |b Simon and Schuster | ||
| 260 | |c 1962 | ||
| 650 | |a World politics,Balance of power | ||
| 650 | |y 1955- | ||
| 904 | |i Nguyên | ||
| 980 | |a Trung tâm Học liệu Trường Đại học Cần Thơ | ||